Ley No 5662
Guardado en:
| 企業作者: | |
|---|---|
| 格式: | Texto |
| 出版: |
San José:
Asamblea Legislativa
|
| 標簽: |
添加標簽
沒有標簽, 成為第一個標記此記錄!
|
MARC
| LEADER | 00000 a a2200000 04500 | ||
|---|---|---|---|
| 001 | 21208 | ||
| 003 | |||
| 040 | |a CRAI/IIS |c CRAI/IIS | ||
| 090 | |a 092400 | ||
| 110 | |a Costa Rica. Asamblea Legislativa | ||
| 245 | |a Ley No 5662 | ||
| 260 | |a San José: |b Asamblea Legislativa | ||
| 300 | |a 9 p. | ||
| 999 | |c 16951 |d 16951 | ||
